En el AVE con humor 2 (Registre núm. 7701)
[ vista simple ]
| 000 -CABECERA | |
|---|---|
| Campo de control de longitud fija | 00965nam a22001457a 4500 |
| 008 - CAMPO FIJO DE DESCRIPCIÓN FIJA--INFORMACIÓN GENERAL | |
| Campo de control de longitud fija | 230404b ||||| |||| 00| 0 eng d |
| 040 ## - FUENTE DE CATALOGACIÓN | |
| Agencia de catalogación original | CDMR |
| 245 ## - MENCIÓN DE TÍTULO | |
| Título | En el AVE con humor 2 |
| Mención de responsabilidad, etc. | / [Coordinación del libro: Jaume Capdevila, "Kap"] |
| 260 ## - PUBLICACIÓN, DISTRIBUCIÓN, ETC (PIE DE IMPRENTA) | |
| Lugar de publicación, distribución, etc. | [León] : |
| Nombre del editor, distribuidor, etc. | [Gráficas Celarayn], |
| Fecha de publicación, distribución, etc. | DL 2022 |
| 300 ## - DESCRIPCIÓN FÍSICA | |
| Extensión | 105 pàgines |
| 505 ## - NOTA DE CONTENIDO FORMATEADA | |
| Nota de contenido con formato preestablecido | Al costat de KAP, s’han unit al projecte dibuixants dels principals mitjans, com Iñaki y Frenchy, Ant, Arranz, Micki y Duarte, Quel, JM Nieto, Espinosa, Jab, Don Julio, Ventura, Ermengol, José Orcajo, Pinto&Chinto, Lluïsot, Gallego&Rey, Judit Frigola, Malagón, Enrique, Bernal, Puebla, Raúl, Ana Belén Rivero, Salazar, López Rubiño, Idoia, DGV+ J. Aldeguer, Ricardo, Adela, Jordi March, Turcios, Helena Anillo, Raquel Gu, Maribel Carod, Tres, Pepe Farruqo, Javi Salado, Judas, Faro, Manel F, Nani, Kim, Alfredo, a més de Matias. |
| 650 #0 - ASIENTO SECUNDARIO DE MATERIA--TÉRMINO DE MATERIA | |
| 9 (RLIN) | 3084 |
| Nombre de materia o nombre geográfico como elemento de entrada | Humorisme gràfic |
| Subdivisión geográfica | Espanya |
| 700 0# - ENCABEZAMIENTO SECUNDARIO--NOMBRE PERSONAL | |
| 9 (RLIN) | 1346 |
| Nombre de persona | Kap |
| 942 ## - ELEMENTOS KOHA | |
| Fuente de clasificación o esquema de ordenación en estanterías | |
| Koha tipo de item | Monografies |
| Suprimido | Perdido | Fuente de clasificación o esquema de ordenación en estanterías | Estropeado | No se presta | Localización (Biblioteca) | Sublocalización o Colección (subbiblioteca) | Fecha de adquisición | Fuente de adquisición | Koha préstamos (veces que ha sido prestado) | Koha signatura completa | Designación de pieza (código de barras) | Koha Fecha de último uso | Precio | Koha tipo de item |
|---|---|---|---|---|---|---|---|---|---|---|---|---|---|---|
| Centre de Documentació Montserrat Roig | Centre de Documentació Montserrat Roig | 2023-04-04 | Donatiu | Di 5/53 | CDMR23040004 | 2023-04-04 | 2023-04-04 | Monografies |